Študijný program Národohospodárskej fakulty 1995/96

Enregistré dans:
Détails bibliographiques
Format: Livre
Langue:slovaque
Publié: Bratislava Ekonomická univerzita 1995
Sujets:
Tags: Ajouter un tag
Pas de tags, Soyez le premier à ajouter un tag!

MARC

LEADER 00000nam a2200000 4500
001 c011685
005 20250520123041.4
020 |a 80-225-0713-X 
041 0 |a slo 
044 |a SK 
245 1 0 |a Študijný program Národohospodárskej fakulty 1995/96 
264 1 |a Bratislava  |b Ekonomická univerzita  |c 1995 
300 |a 219 s. 
610 2 0 |a školy vysoké 
610 2 0 |a univerzity 
610 2 0 |a štúdium vysokoškolské 
610 2 0 |a vzdelanie vysokoškolské 
610 2 0 |a Ekonomická univerzita v Bratislave